[Event "Open de la Loire 2012-2013"]
[Site "Loire"]
[Date "2013.02.16"]
[Round "8.11"]
[White "Fauvin, David"]
[Black "Desassis, Jean-Francois"]
[Result "1/2-1/2"]
[WhiteElo "1540"]
[BlackElo "1640"]
[PlyCount "89"]
[EventDate "2013.??.??"]

1. c4 Nf6 2. Nc3 c5 3. Nf3 d6 4. e3 e5 5. Be2 Be7 6. O-O O-O 7. Qc2 Bg4 8. Re1
Nbd7 9. b3 Ne8 10. Ng5 Bxg5 11. Bxg4 Nef6 12. Bf3 Rb8 13. Nb5 Qb6 14. Qd3 e4
15. Bxe4 Ne5 16. Qc2 Nxe4 17. Qxe4 Bf6 18. Bb2 a6 19. Nc3 Rfe8 20. Nd5 Qd8 21.
Qc2 Re6 22. Nf4 Re8 23. Nd5 Bh4 24. Qd1 Nd3 25. Qg4 Nxb2 26. Qf4 b5 27. Rab1
bxc4 28. Rxb2 Re5 29. Qf3 Qd7 30. Rbb1 Qf5 31. Qxf5 Rxf5 32. Nf4 cxb3 33. Rxb3
Rb4 34. Reb1 a5 35. g3 Bd8 36. a3 Rxb3 37. Rxb3 Be7 38. Rb8+ Bf8 39. d3 g5 40.
e4 Re5 41. Nd5 Kg7 42. g4 c4 43. dxc4 Rxe4 44. Ra8 Rxc4 45. Rxa5 1/2-1/2

[Event "Open de la Loire 2012-2013"]
[Site "Loire"]
[Date "2013.02.16"]
[Round "8.12"]
[White "Mialon, Franck"]
[Black "Joly, Christian"]
[Result "0-1"]
[WhiteElo "1390"]
[BlackElo "1640"]
[PlyCount "68"]
[EventDate "2013.??.??"]

1. e4 d6 2. d4 Nf6 3. Nc3 g6 4. Bg5 Nbd7 5. Bc4 Bg7 6. Nf3 c6 7. Qd2 b5 8. Bb3
b4 9. Ne2 Nxe4 10. Qxb4 Nxg5 11. Nxg5 a5 12. Qd2 e6 13. Qf4 Nf6 14. O-O d5 15.
Rfe1 a4 16. Bxd5 cxd5 17. c4 O-O 18. Nc3 dxc4 19. Qh4 Nh5 20. Nce4 Qxd4 21. g4
f6 22. gxh5 fxg5 23. Qxg5 Rf5 24. Qe7 Qd7 25. Qh4 Rxh5 26. Nf6+ Bxf6 27. Qxf6
Rf5 28. Qh4 Ba6 29. Rad1 Qe8 30. Rd6 e5 31. Red1 Kg7 32. Rd7+ Rf7 33. Rd8 Rxd8
34. Rxd8 Qe7 0-1

[Event "Open de la Loire 2012-2013"]
[Site "Loire"]
[Date "2013.02.16"]
[Round "8.13"]
[White "Ferreira, Antoine"]
[Black "Boeuf, Jeremy"]
[Result "0-1"]
[WhiteElo "1099"]
[BlackElo "1601"]
[PlyCount "98"]
[EventDate "2013.??.??"]

1. e4 d5 2. Nc3 d4 3. Nce2 e5 4. d3 Nc6 5. g3 Bg4 6. Bg2 Bd6 7. h3 Be6 8. Nf3
Nge7 9. Ng5 Bd7 10. O-O f6 11. Nf3 Na5 12. Nd2 c5 13. Nc4 Nxc4 14. dxc4 a6 15.
c3 b5 16. cxb5 Bxb5 17. b4 a5 18. bxc5 Bxc5 19. cxd4 Bxd4 20. Rb1 Bxe2 21. Qxe2
O-O 22. Qd2 a4 23. Ba3 Re8 24. Bxe7 Qxe7 25. Qb4 Qxb4 26. Rxb4 Rec8 27. Rbb1
Rc2 28. a3 Ra2 29. Rbc1 Rxa3 30. Rc2 Rxg3 31. Kh2 Rc3 32. Rb2 a3 33. Ra2 Rb3
34. Kg1 Rb2 35. Rxb2 axb2 36. Rb1 Ra1 37. Rf1 Rxf1+ 38. Bxf1 b1=Q 39. Kg2 Qc2
40. Kg3 h5 41. h4 Qxf2+ 42. Kh3 Qxf1+ 43. Kg3 Qf4+ 44. Kg2 Qg4+ 45. Kf1 Qg1+
46. Ke2 Qe3+ 47. Kd1 Qxe4 48. Kc1 Qe2 49. Kb1 Qb2# 0-1

[Event "Open de la Loire 2012-2013"]
[Site "Loire"]
[Date "2013.02.16"]
[Round "8.14"]
[White "Brachet, Gerard"]
[Black "Philip, Sylvain"]
[Result "1/2-1/2"]
[WhiteElo "1410"]
[BlackElo "1560"]
[PlyCount "100"]
[EventDate "2013.??.??"]

1. e4 e6 2. d4 d5 3. e5 c5 4. Nf3 cxd4 5. Nxd4 Nc6 6. Bb5 Bd7 7. Bf4 Qb6 8. c3
Nge7 9. O-O Ng6 10. Bxc6 bxc6 11. Qd2 Nxf4 12. Qxf4 Qxb2 13. Nb3 Qc2 14. Qd2
Qf5 15. Qe3 Be7 16. N1d2 O-O 17. Rab1 f6 18. Nf3 a5 19. Nbd4 Qe4 20. Rb7 Rfd8
21. Nxe6 Bxe6 22. Rxe7 Re8 23. exf6 Rxe7 24. fxe7 Qxe3 25. fxe3 Re8 26. Nd4 Bd7
27. Rf8+ Rxf8 28. exf8=Q+ Kxf8 29. Nb3 Ke7 30. Nxa5 Kd6 31. c4 Kc5 32. cxd5
cxd5 33. Kf2 Kb4 34. Nb3 Ka3 35. Nc5 Bc6 36. Ne6 g6 37. Nd4 Be8 38. h4 Bf7 39.
Kf3 Kxa2 40. e4 dxe4+ 41. Kxe4 Ka3 42. Ke5 Ba2 43. g4 Kb4 44. Nc6+ Kc5 45. Ne7
Bb3 46. h5 gxh5 47. gxh5 Bc2 48. Kf6 Kd6 49. Nf5+ Bxf5 50. Kxf5 Ke7 1/2-1/2

[Event "Open de la Loire 2012-2013"]
[Site "Loire"]
[Date "2013.02.16"]
[Round "8.15"]
[White "Schuhmann, Alain"]
[Black "Thizy, Nicolas"]
[Result "1-0"]
[WhiteElo "1640"]
[BlackElo "1440"]
[PlyCount "47"]
[EventDate "2013.??.??"]

1. e4 e5 2. f4 f6 3. Nf3 Nc6 4. Be2 d6 5. Nc3 Bg4 6. O-O f5 7. exf5 Bxf5 8. d4
exd4 9. Nxd4 Nxd4 10. Qxd4 Nf6 11. Re1 g6 12. Bd3+ Be7 13. Bxf5 gxf5 14. Nd5
O-O 15. Nxe7+ Kf7 16. Nxf5 Re8 17. Bd2 Qd7 18. Nh6+ Kg7 19. f5 c5 20. Qf4 Rac8
21. Qg5+ Kh8 22. Qxf6+ Qg7 23. Bc3 Rg8 24. Nf7# 1-0

[Event "Open de la Loire 2012-2013"]
[Site "Loire"]
[Date "2013.02.16"]
[Round "8.16"]
[White "Martin, Julien"]
[Black "Pradel, Philippe"]
[Result "0-1"]
[WhiteElo "1420"]
[BlackElo "1570"]
[PlyCount "60"]
[EventDate "2013.??.??"]

1. e4 d6 2. Nf3 g6 3. Nc3 Bg7 4. d4 c6 5. Be3 Nf6 6. Bd3 Nbd7 7. O-O O-O 8. Qd2
Ng4 9. Ne2 Nxe3 10. Qxe3 e5 11. c3 Re8 12. Bc4 exd4 13. cxd4 d5 14. Bb3 Rxe4
15. Qd2 h6 16. Nc3 Re8 17. Rfe1 Nf6 18. Rxe8+ Qxe8 19. Re1 Qd8 20. Bd1 Bf5 21.
Nh4 Ne4 22. Nxe4 dxe4 23. Nxf5 gxf5 24. Qb4 Bxd4 25. Qxb7 Rb8 26. Qxc6 Rxb2 27.
Qxh6 Bxf2+ 28. Kf1 Bxe1 29. Kxe1 Qa5+ 30. Kf1 Qd2 0-1

[Event "Open de la Loire 2012-2013"]
[Site "Loire"]
[Date "2013.02.16"]
[Round "8.17"]
[White "Rogues, Jean-Luc"]
[Black "Allabrune, Guillaume"]
[Result "1/2-1/2"]
[WhiteElo "1410"]
[BlackElo "1480"]
[PlyCount "105"]
[EventDate "2013.??.??"]

1. d4 Nf6 2. c4 g6 3. Nc3 Bg7 4. e4 d6 5. Be3 O-O 6. Bd3 e6 7. Nge2 Nc6 8. a3
Ng4 9. Qd2 Nxe3 10. Qxe3 a6 11. O-O Qf6 12. f4 Nxd4 13. Nxd4 Qxd4 14. Qxd4
Bxd4+ 15. Kh1 c5 16. Rac1 b6 17. b3 Bb7 18. Na4 b5 19. Nb6 Ra7 20. f5 Bc6 21.
fxg6 hxg6 22. cxb5 Bxb5 23. Bc4 Bb2 24. Rc2 Bxa3 25. Rcf2 Re7 26. Rf3 Bb2 27.
R1f2 Bd4 28. Ra2 Rb8 29. Bxb5 axb5 30. Ra8 Rxa8 31. Nxa8 Ra7 32. g3 Rxa8 33.
Kg2 Ra2+ 34. Kh3 Bg1 35. Kg4 Bxh2 36. Kg5 Ra3 37. Kf4 c4 38. bxc4 bxc4 39. Rxa3
e5+ 40. Kf3 Bg1 41. Rc3 Kg7 42. Rxc4 f5 43. g4 Kf6 44. Rc6 Bc5 45. Rc8 fxe4+
46. Kxe4 Kg5 47. Rg8 Kf6 48. Rf8+ Kg7 49. Rc8 Kf7 50. Rc7+ Kf6 51. Rc8 Ba3 52.
Rf8+ Kg7 53. Ra8 1/2-1/2

[Event "Open de la Loire 2012-2013"]
[Site "Loire"]
[Date "2013.02.16"]
[Round "8.18"]
[White "Poyet, Louis"]
[Black "Daillere, Roland"]
[Result "0-1"]
[WhiteElo "1140"]
[BlackElo "1350"]
[PlyCount "98"]
[EventDate "2013.??.??"]

1. e4 d5 2. exd5 Qxd5 3. Nc3 Qa5 4. Nf3 Nf6 5. g3 Bf5 6. Bg2 c6 7. O-O e6 8. d3
Be7 9. Ne5 Qxe5 10. Bf4 Qa5 11. Bg5 O-O 12. Bxf6 Bxf6 13. Qd2 Nd7 14. a3 Rad8
15. b4 Bxc3 16. Qxc3 Qc7 17. Qd2 Ne5 18. Qf4 Rc8 19. Rfd1 Ng6 20. Qc4 Qd7 21.
Re1 b5 22. Qc3 Rfe8 23. d4 Re7 24. Re2 Rce8 25. Rae1 Qd6 26. f4 f6 27. Rf1 Bg4
28. Bf3 Bxf3 29. Rxf3 Qd5 30. Ree3 Qc4 31. Qd2 Rd7 32. c3 Ne7 33. Rf2 Nf5 34.
Rd3 Nd6 35. Re2 f5 36. Re5 Ne4 37. Qc2 Rd5 38. Rxd5 Qxd5 39. a4 Rf8 40. Qd1 Qa2
41. Qf1 Qxa4 42. Qe1 Rf6 43. h4 Rg6 44. Kg2 Qa2+ 45. Kh3 Nf2+ 46. Qxf2 Qxf2 47.
h5 Rg4 48. d5 Qf1+ 49. Kh2 Qxd3 0-1

[Event "Open de la Loire 2012-2013"]
[Site "Loire"]
[Date "2013.02.16"]
[Round "8.19"]
[White "Lempereur, Theo"]
[Black "Grischy, Quentin"]
[Result "0-1"]
[WhiteElo "1240"]
[BlackElo "1340"]
[PlyCount "68"]
[EventDate "2013.??.??"]

1. e4 c5 2. Bc4 Nc6 3. Nc3 a6 4. d3 e6 5. Bf4 b5 6. Bb3 a5 7. Nxb5 Rb8 8. Nc7+
Ke7 9. Bg5+ f6 10. Bf4 d6 11. Nxe6 Bxe6 12. Bxe6 Kxe6 13. Qg4+ Ke7 14. Nf3 Nd4
15. Nxd4 cxd4 16. Qh4 g5 17. Qxg5 fxg5 18. Bxg5+ Nf6 19. Bxf6+ Kxf6 20. O-O-O
Qb6 21. b3 Qb4 22. Kb2 Qc3+ 23. Kb1 d5 24. e5+ Kf7 25. e6+ Ke8 26. e7 Bxe7 27.
Rhe1 Rf8 28. f3 Kd8 29. Rxe7 Kxe7 30. a4 Rb7 31. Ka2 Rfb8 32. Rc1 Rb4 33. g4
Rxa4+ 34. bxa4 Qb2# 0-1

[Event "Open de la Loire 2012-2013"]
[Site "Loire"]
[Date "2013.02.16"]
[Round "8.20"]
[White "Choquelle, Jean"]
[Black "Sabatier, Baptiste"]
[Result "0-1"]
[WhiteElo "1180"]
[BlackElo "1010"]
[PlyCount "62"]
[EventDate "2013.??.??"]

1. c4 e5 2. Nc3 Bc5 3. e3 Nf6 4. d3 d5 5. cxd5 Nxd5 6. g3 e4 7. Nxe4 Bb4+ 8.
Bd2 Qe7 9. Bg2 h5 10. a3 Bg4 11. Nf3 Bc5 12. Qc1 Na6 13. Nfg5 Bb6 14. O-O h4
15. f3 Bf5 16. g4 h3 17. Nxh3 Bxe3+ 18. Bxe3 Bg6 19. Bg5 Qe5 20. Re1 Qd4+ 21.
Kh1 O-O 22. Bf1 f5 23. Nc3 fxg4 24. Nb5 Qb6 25. Qc4 gxh3 26. Qxd5+ Kh7 27. Re2
Bh5 28. Nd4 Rad8 29. Qe4+ g6 30. Qe7+ Kg8 31. Qe6+ Qxe6 0-1

[Event "Open de la Loire 2012-2013"]
[Site "Loire"]
[Date "2013.02.16"]
[Round "8.21"]
[White "Bruyere, Jean Baptiste"]
[Black "Niceto, Pierrick"]
[Result "0-1"]
[WhiteElo "1170"]
[BlackElo "1160"]
[PlyCount "22"]
[EventDate "2013.??.??"]

1. e4 e5 2. Nf3 Nc6 3. Bc4 Bc5 4. Nc3 Nf6 5. Ng5 O-O 6. Bxf7+ Kh8 7. Bc4 d6 8.
Nf7+ Rxf7 9. Bxf7 Qf8 10. Bc4 Nd5 11. Bxd5 Qxf2# 0-1

[Event "Open de la Loire 2012-2013"]
[Site "Loire"]
[Date "2013.03.30"]
[Round "9.1"]
[White "Bastien, Daniel"]
[Black "Rasle, Corentin"]
[Result "1/2-1/2"]
[WhiteElo "1760"]
[BlackElo "1630"]
[PlyCount "59"]
[EventDate "2013.??.??"]

1. c4 Nf6 2. Nc3 g6 3. g3 d5 4. d3 Bg7 5. Bg2 d4 6. Ne4 Nxe4 7. Bxe4 O-O 8. Bg2
Nc6 9. Nf3 Rb8 10. O-O Bg4 11. Bd2 Ne5 12. Nxe5 Bxe5 13. h3 Bf5 14. Qc1 Qd7 15.
Kh2 h5 16. Bf4 Bg7 17. Bh6 Qd6 18. Bxg7 Kxg7 19. h4 c6 20. c5 Qe5 21. Qc2 Bg4
22. f3 Be6 23. b3 Rbd8 24. Rac1 Bd5 25. Qd2 Kh7 26. Rfe1 Qf6 27. f4 e6 28. Qb2
Kg7 29. a3 Rfe8 30. b4 1/2-1/2

[Event "Open de la Loire 2012-2013"]
[Site "Loire"]
[Date "2013.03.30"]
[Round "9.2"]
[White "Buisson, Sebastien"]
[Black "Liogier, Pascal"]
[Result "1-0"]
[WhiteElo "1680"]
[BlackElo "1630"]
[PlyCount "63"]
[EventDate "2013.??.??"]

1. e4 c6 2. d4 d5 3. Nc3 dxe4 4. Nxe4 Bf5 5. Ng3 Bg6 6. h4 h6 7. h5 Bh7 8. Nf3
Nd7 9. Bd3 Ngf6 10. Bxh7 Nxh7 11. Ne4 e6 12. Qd3 Be7 13. Bd2 Nhf6 14. Nxf6+
Bxf6 15. O-O-O b5 16. Rhe1 Qb6 17. Be3 Qa5 18. Kb1 Rd8 19. Qe2 O-O 20. Bf4 Rc8
21. Ne5 Nb6 22. Ng4 Be7 23. Rd3 Nc4 24. Rg3 Kh7 25. Qe4+ f5 26. Qxe6 fxg4 27.
Qg6+ Kh8 28. Rxe7 Rg8 29. Bxh6 Nd2+ 30. Ka1 Nb3+ 31. cxb3 Qe1+ 32. Rxe1 1-0

[Event "Open de la Loire 2012-2013"]
[Site "Loire"]
[Date "2013.03.30"]
[Round "9.3"]
[White "Rann, Raphael"]
[Black "Mazet, Christian"]
[Result "1-0"]
[WhiteElo "1660"]
[BlackElo "1639"]
[PlyCount "76"]
[EventDate "2013.??.??"]

1. e4 d5 2. exd5 Qxd5 3. Nc3 Qa5 4. d4 c6 5. Nf3 Bf5 6. Bc4 e6 7. O-O Nd7 8. a3
Ngf6 9. Re1 Qc7 10. Bb3 O-O-O 11. a4 h6 12. Qe2 g5 13. Ne5 Nxe5 14. dxe5 Nd5
15. Bxd5 exd5 16. a5 Bb4 17. Bd2 Bxa5 18. Na4 Bb6 19. Nxb6+ Qxb6 20. Ba5 Qc5
21. Bxd8 Rxd8 22. c3 Kb8 23. Qh5 Qf8 24. Qf3 Be4 25. Qg3 Re8 26. Qe3 c5 27. f3
Bf5 28. b4 b6 29. Qd2 Be6 30. Qe2 Rc8 31. Ra6 Rc7 32. Rea1 cxb4 33. cxb4 Qc8
34. h3 Rc1+ 35. Kh2 Rxa1 36. Rxa1 Qc4 37. Qb2 Qf4+ 38. Kh1 Qe3 1-0

[Event "Open de la Loire 2012-2013"]
[Site "Loire"]
[Date "2013.03.30"]
[Round "9.4"]
[White "Megnot, Philippe"]
[Black "Minchilli, Franco"]
[Result "0-1"]
[WhiteElo "1550"]
[BlackElo "1620"]
[PlyCount "64"]
[EventDate "2013.??.??"]

1. e4 e5 2. Nf3 Nc6 3. Bb5 Nf6 4. d3 d6 5. Bg5 Be7 6. h3 a6 7. Ba4 O-O 8. O-O
Be6 9. Re1 Ne8 10. Bxe7 Nxe7 11. Ng5 Bd7 12. Bb3 h6 13. Nf3 Ng6 14. Nbd2 Nf6
15. Nf1 Nf4 16. d4 Qc8 17. Ng3 Bxh3 18. Nh4 Bg4 19. f3 Be6 20. dxe5 dxe5 21.
Nhf5 Re8 22. Qd2 Bxb3 23. axb3 Qe6 24. Qb4 b6 25. Ne3 c5 26. Qc3 Red8 27. Red1
N6h5 28. Nef1 Rd4 29. Qe3 Qg6 30. Qf2 a5 31. c3 Rd3 32. Nxh5 Nh3+ 0-1

[Event "Open de la Loire 2012-2013"]
[Site "Loire"]
[Date "2013.03.30"]
[Round "9.5"]
[White "Campoy, Juan"]
[Black "Ben Habchi, Nordine"]
[Result "0-1"]
[WhiteElo "1560"]
[BlackElo "1430"]
[PlyCount "58"]
[EventDate "2013.??.??"]

1. e4 b6 2. d3 Bb7 3. Be2 e6 4. Nc3 d5 5. exd5 exd5 6. Bf3 Nf6 7. Nge2 Be7 8.
O-O O-O 9. Bf4 a6 10. Re1 Nbd7 11. Ng3 Bb4 12. Bd2 Rb8 13. Nce2 Bd6 14. Nd4 c5
15. Ndf5 Be5 16. c3 Re8 17. Qc1 Nf8 18. Bf4 Ng6 19. Bh5 Nxf4 20. Rxe5 Rxe5 21.
Qxf4 Qc7 22. Qg5 Nxh5 23. Nxh5 f6 24. Nxf6+ Kh8 25. Nh5 Rf8 26. g4 Bc8 27. f4
Re6 28. Nfxg7 Rg6 29. Qh4 Rxg4+ 0-1

[Event "Open de la Loire 2012-2013"]
[Site "Loire"]
[Date "2013.03.30"]
[Round "9.6"]
[White "Acikgoz, Tuncay"]
[Black "Trottet, Francois"]
[Result "1-0"]
[WhiteElo "1630"]
[BlackElo "1470"]
[PlyCount "69"]
[EventDate "2013.??.??"]

1. d4 Nf6 2. Nf3 e6 3. g3 d5 4. Bg2 Nbd7 5. O-O c5 6. c3 Qc7 7. Bf4 Qb6 8. Qc2
Be7 9. Re1 O-O 10. Nbd2 a5 11. e4 cxd4 12. cxd4 dxe4 13. Nxe4 Bb4 14. Nxf6+
Nxf6 15. Rec1 Nd5 16. Bc7 Qa7 17. Ne5 Qxd4 18. Be4 f5 19. Bg2 Rf7 20. Nxf7 Kxf7
21. Rd1 Qf6 22. Bxd5 exd5 23. Rxd5 Be6 24. Be5 Qe7 25. Rb5 Rc8 26. Bc3 Qd7 27.
a4 Bc4 28. Qxf5+ Qxf5 29. Rxf5+ Kg6 30. Rf4 Bd6 31. Rg4+ Kf5 32. Rxg7 h5 33.
Re1 Rc5 34. h4 Be5 35. Rg5+ 1-0

[Event "Open de la Loire 2012-2013"]
[Site "Loire"]
[Date "2013.03.30"]
[Round "9.7"]
[White "Bacyk, Bruno"]
[Black "Piper, Stephane"]
[Result "1-0"]
[WhiteElo "1499"]
[BlackElo "1586"]
[PlyCount "66"]
[EventDate "2013.??.??"]

1. c4 c5 2. g3 Nc6 3. Bg2 e5 4. e3 Be7 5. Ne2 Nf6 6. O-O O-O 7. Nbc3 d6 8. d4
cxd4 9. exd4 exd4 10. Nxd4 Nxd4 11. Qxd4 Qb6 12. Qxb6 axb6 13. Be3 Rb8 14. Bxb6
Bd7 15. Rad1 Bc6 16. Bh3 Bd8 17. Ba7 Ra8 18. Be3 Ba5 19. Ra1 d5 20. cxd5 Nxd5
21. Nxd5 Bxd5 22. Bg2 Bxg2 23. Kxg2 Rac8 24. Rac1 Rfd8 25. Rxc8 Rxc8 26. Rc1
Rd8 27. a3 Ra8 28. b4 Bd8 29. Bd2 Bc7 30. Rxc7 f6 31. Rc5 Kf8 32. Rb5 Ra7 33.
Rc5 Ra6 1-0

[Event "Open de la Loire 2012-2013"]
[Site "Loire"]
[Date "2013.03.30"]
[Round "9.8"]
[White "Peyssonneaux, Norbert"]
[Black "Legendre, Julien"]
[Result "1-0"]
[WhiteElo "1550"]
[BlackElo "1499"]
[PlyCount "78"]
[EventDate "2013.??.??"]

1. e4 e5 2. Nf3 Nc6 3. Bc4 Nf6 4. d3 Be7 5. Nc3 d6 6. h3 b6 7. Nd5 O-O 8. Nxe7+
Qxe7 9. c3 h6 10. Be3 Na5 11. Bb3 Bb7 12. Bc2 c5 13. Nh4 Bc8 14. Nf3 Bd7 15. g4
Nh7 16. Rg1 f6 17. Nh4 Kf7 18. Nf5 Qe6 19. b4 cxb4 20. cxb4 Nc4 21. dxc4 Ng5
22. Bb3 Kg6 23. c5 Qe8 24. h4 Nxe4 25. Qd3 Bxf5 26. gxf5+ Kxf5 27. f3 Qc6 28.
Bd5 Qxd5 29. Qxd5 Nc3 30. Qd3+ Ke6 31. Qxc3 d5 32. Qb3 g5 33. b5 bxc5 34. Bxc5
Rfc8 35. Rd1 Rd8 36. Rg2 f5 37. Rgd2 g4 38. fxg4 fxg4 39. Rxd5 Kf5 1-0

[Event "Open de la Loire 2012-2013"]
[Site "Loire"]
[Date "2013.03.30"]
[Round "9.9"]
[White "Boeuf, Jeremy"]
[Black "Rasle, Jean-Michel"]
[Result "0-1"]
[WhiteElo "1592"]
[BlackElo "1660"]
[PlyCount "62"]
[EventDate "2013.??.??"]

1. e4 e6 2. d4 d5 3. Nc3 Bb4 4. Bd2 Bxc3 5. Bxc3 dxe4 6. f3 b6 7. Qe2 Bb7 8.
O-O-O Nf6 9. Qe3 Nd5 10. Qxe4 Nxc3 11. Qxb7 Nxd1 12. Qxa8 Nf2 13. Bb5+ c6 14.
Bxc6+ Nxc6 15. Qxc6+ Qd7 16. Qa8+ Qd8 17. Qc6+ Ke7 18. Ne2 Nxh1 19. Qe4 Qd5 20.
Qh4+ g5 21. Qe1 Qxa2 22. Nc3 Qc4 23. Qxh1 Qxd4 24. Qe1 Rd8 25. Ne4 Qa4 26. Nc3
Qf4+ 27. Kb1 Rd2 28. g3 Qd6 29. h3 b5 30. Kc1 Rg2 31. Nxb5 Qc5 0-1

[Event "Open de la Loire 2012-2013"]
[Site "Loire"]
[Date "2013.03.30"]
[Round "9.10"]
[White "Guichard, Thomas"]
[Black "Boeuf, Jean-Julien"]
[Result "0-1"]
[WhiteElo "1499"]
[BlackElo "1609"]
[PlyCount "80"]
[EventDate "2013.??.??"]

1. e4 Nf6 2. Nc3 d5 3. exd5 Nxd5 4. Nxd5 Qxd5 5. d4 Bf5 6. Nf3 e6 7. b3 Bb4+ 8.
Bd2 Qa5 9. Bc4 O-O 10. O-O Bg4 11. Bxb4 Qxb4 12. Qd3 Nd7 13. Rfe1 c6 14. c3 Qd6
15. b4 a5 16. a3 Bf5 17. Qe3 Nb6 18. Ba2 axb4 19. axb4 h6 20. Ne5 Ra3 21. Qc1
Rfa8 22. Qd2 f6 23. Nf3 Nd5 24. Nh4 Bh7 25. Rec1 Qf4 26. Qb2 Qxh4 27. Bxd5 Rxa1
28. Bxe6+ Kh8 29. Rxa1 Re8 30. Qb3 Qe4 31. Bc4 Bg8 32. h3 Bxc4 33. Qxc4 b5 34.
Qa2 Qd3 35. Qa3 Qc4 36. Qa2 Qxc3 37. Qf7 Qxa1+ 38. Kh2 Qa8 39. f4 Re4 40. f5
Qe8 0-1

[Event "Open de la Loire 2012-2013"]
[Site "Loire"]
[Date "2013.03.30"]
[Round "9.11"]
[White "Fournier, Gerald"]
[Black "Schuhmann, Alain"]
[Result "0-1"]
[WhiteElo "1499"]
[BlackElo "1640"]
[PlyCount "38"]
[EventDate "2013.??.??"]

1. d4 d5 2. Bf4 Nf6 3. Nf3 e6 4. e3 Bd6 5. Bg3 O-O 6. Bd3 Nc6 7. c3 Qe7 8. Nbd2
Bd7 9. Qc2 e5 10. dxe5 Bxe5 11. Ng5 g6 12. Ngf3 Rfe8 13. Nxe5 Nxe5 14. Bxe5
Qxe5 15. f4 Qxe3+ 16. Kd1 Bg4+ 17. Nf3 Bxf3+ 18. gxf3 Qxf3+ 19. Kd2 Qg2+ 0-1

[Event "Open de la Loire 2012-2013"]
[Site "Loire"]
[Date "2013.03.30"]
[Round "9.12"]
[White "Desassis, Jean-Francois"]
[Black "Brachet, Gerard"]
[Result "1-0"]
[WhiteElo "1640"]
[BlackElo "1410"]
[PlyCount "89"]
[EventDate "2013.??.??"]

1. c4 c5 2. Nf3 Nc6 3. g3 Nf6 4. Bg2 d6 5. Qb3 e5 6. d3 Rb8 7. Nc3 Na5 8. Qc2
b6 9. a3 Bb7 10. b4 Nc6 11. Qa4 Qd7 12. b5 Na5 13. O-O Be7 14. Bd2 Bd8 15. Rab1
e4 16. Ng5 e3 17. Bxe3 Bxg2 18. Kxg2 Ng4 19. Nce4 f5 20. Nxd6+ Qxd6 21. Bf4 Qh6
22. Nh3 Qe6 23. Bxb8 O-O 24. Nf4 Qd7 25. f3 Ne3+ 26. Kf2 Nxf1 27. Rxf1 Bg5 28.
Be5 Re8 29. Bc3 Bxf4 30. gxf4 Qe7 31. Be5 Qh4+ 32. Ke3 Qh6 33. Kf2 Qxh2+ 34.
Ke1 g5 35. Qc2 gxf4 36. Qb2 Kf7 37. Bh8 Qh4+ 38. Rf2 Rxh8 39. Qxh8 Nb3 40. Qc8
Qh1+ 41. Rf1 Qh4+ 42. Kd1 Nd4 43. Qd7+ Qe7 44. Qxe7+ Kxe7 45. Rh1 1-0

[Event "Open de la Loire 2012-2013"]
[Site "Loire"]
[Date "2013.03.30"]
[Round "9.13"]
[White "Pradel, Philippe"]
[Black "Barrandon, Georges"]
[Result "1-0"]
[WhiteElo "1570"]
[BlackElo "1380"]
[PlyCount "82"]
[EventDate "2013.??.??"]

1. e4 c5 2. d4 cxd4 3. c3 e6 4. Nf3 f6 5. Nxd4 Nc6 6. Bc4 Nge7 7. Nb5 Ng6 8.
Nd6+ Bxd6 9. Qxd6 Nge7 10. Bf4 O-O 11. O-O Ng6 12. Bg3 Nge5 13. Bb3 Nf7 14. Qd1
e5 15. Na3 Kh8 16. Nc4 Qe7 17. Ne3 d6 18. Nd5 Qd8 19. f4 Ne7 20. f5 b6 21. Rf3
Bb7 22. c4 Nxd5 23. cxd5 Ba6 24. Rc1 Qe7 25. Be1 h6 26. Bc4 Bb7 27. Bb5 Rac8
28. Bc6 Ba6 29. Bd2 Nd8 30. Qa4 Be2 31. Re3 Bh5 32. Bb4 Nxc6 33. dxc6 Rc7 34.
Qa3 Rd8 35. Rd3 Qe8 36. Qa4 Be2 37. Rd2 b5 38. Qa5 Rxc6 39. Rxc6 Bc4 40. Rcxd6
Rxd6 41. Rxd6 Qe7 1-0

[Event "Open de la Loire 2012-2013"]
[Site "Loire"]
[Date "2013.03.30"]
[Round "9.14"]
[White "Philip, Sylvain"]
[Black "Rogues, Jean-Luc"]
[Result "1-0"]
[WhiteElo "1560"]
[BlackElo "1410"]
[PlyCount "109"]
[EventDate "2013.??.??"]

1. e4 e6 2. d4 d5 3. Nd2 c5 4. Ngf3 Nc6 5. exd5 exd5 6. dxc5 Bxc5 7. Nb3 Bb6 8.
Be2 Be6 9. Nbd4 Nxd4 10. Nxd4 Bxd4 11. Qxd4 Qf6 12. Bb5+ Kf8 13. Be3 a6 14.
Qc5+ Qe7 15. Qxe7+ Nxe7 16. Bd3 Rc8 17. c3 f5 18. O-O Kf7 19. Rfe1 Rhe8 20. Re2
Nc6 21. Rae1 Ne5 22. Bc2 Nc4 23. Bb3 Nd6 24. Bf4 Ne4 25. f3 Nc5 26. Bc2 g6 27.
Be5 Nd7 28. Bd4 Nf6 29. Kf2 Bd7 30. Bb3 Rxe2+ 31. Rxe2 Bc6 32. c4 dxc4 33.
Bxc4+ Nd5 34. Bb3 Re8 35. Rd2 Ke6 36. Bc5 b6 37. Bxb6 Kd6 38. Ba5 Rb8 39. Bc3
Ke6 40. Re2+ Kd7 41. Be5 Re8 42. f4 Nb4 43. Rd2+ Kc8 44. Rd6 a5 45. Be6+ Kb7
46. a3 Na6 47. Bd7 Bxd7 48. Rxd7+ Kc6 49. Rxh7 Nc5 50. Rg7 Nd3+ 51. Kf3 Nxe5+
52. fxe5 Rxe5 53. Rxg6+ Kb5 54. h4 Kc4 55. h5 1-0

[Event "Open de la Loire 2012-2013"]
[Site "Loire"]
[Date "2013.03.30"]
[Round "9.15"]
[White "Niceto, Pierrick"]
[Black "Mialon, Franck"]
[Result "1-0"]
[WhiteElo "1160"]
[BlackElo "1390"]
[PlyCount "29"]
[EventDate "2013.??.??"]

1. e4 e5 2. Nf3 Nc6 3. Bc4 Nf6 4. Nc3 Bc5 5. d3 h6 6. Nd5 d6 7. Be3 Bg4 8. c3
Qd7 9. h3 Bh5 10. d4 exd4 11. Nxd4 Bxd4 12. Bxd4 O-O-O 13. Nxf6 gxf6 14. Bxf6
Qe6 15. Bxe6+ 1-0

[Event "Open de la Loire 2012-2013"]
[Site "Loire"]
[Date "2013.03.30"]
[Round "9.16"]
[White "Sabatier, Baptiste"]
[Black "Ferreira, Antoine"]
[Result "0-1"]
[WhiteElo "1010"]
[BlackElo "1099"]
[PlyCount "54"]
[EventDate "2013.??.??"]

1. e4 e5 2. Nf3 Nc6 3. Bc4 Nf6 4. Nc3 Bb4 5. Na4 Nxe4 6. Ng5 Nxg5 7. a3 Bc5 8.
d4 exd4 9. Nxc5 b6 10. Nd3 O-O 11. O-O Na5 12. Bd5 Bb7 13. Bxg5 Qxg5 14. f4
Qxd5 15. Rf2 Rfe8 16. Nb4 Qc5 17. Nd3 Qb5 18. Nb4 c5 19. Qd3 Qxd3 20. cxd3 cxb4
21. axb4 Nc6 22. b5 Nb4 23. Ra4 Nxd3 24. Rd2 Nxf4 25. Rdxd4 Ne2+ 26. Kh1 Nxd4
27. Rxd4 Re1# 0-1

[Event "Open de la Loire 2012-2013"]
[Site "Loire"]
[Date "2013.03.30"]
[Round "9.17"]
[White "Allabrune, Guillaume"]
[Black "Thizy, Nicolas"]
[Result "1/2-1/2"]
[WhiteElo "1480"]
[BlackElo "1440"]
[PlyCount "111"]
[EventDate "2013.??.??"]

1. e4 e5 2. Nf3 Nc6 3. Bc4 Bc5 4. c3 Nf6 5. d4 exd4 6. e5 Nxe5 7. Nxe5 Qe7 8.
O-O Qxe5 9. Re1 Ne4 10. Qf3 d5 11. Bxd5 Qxd5 12. Rxe4+ Be6 13. cxd4 Bxd4 14.
Qd3 c5 15. Nc3 Bxf2+ 16. Kxf2 Qxd3 17. Bg5 O-O 18. Rd1 Qc2+ 19. Rd2 Qxe4 20.
Nxe4 f6 21. Nxc5 Bxa2 22. Be3 b6 23. b3 Bb1 24. Ne6 Rf7 25. Rb2 Bf5 26. Nd4 Bg6
27. Ra2 f5 28. Nf3 f4 29. Bxb6 Rb7 30. Bd4 Rxb3 31. Rxa7 Rxa7 32. Bxa7 Rb2+ 33.
Kg1 Be4 34. Ne1 Kf7 35. Kf1 Kg6 36. Bd4 Ra2 37. Be5 Ra4 38. Bxf4 Kf5 39. Be3
Ra2 40. Kg1 g5 41. h3 Re2 42. Bf2 Kf4 43. g3+ Kf5 44. Kf1 Ra2 45. Kg1 h5 46.
Kf1 Bc6 47. Kg1 Ke5 48. Nd3+ Kf5 49. Ne1 h4 50. gxh4 gxh4 51. Bxh4 Re2 52. Kf1
Rh2 53. Bf2 Bb5+ 54. Kg1 Rxh3 55. Nc2 Bc6 56. Nd4+ 1/2-1/2

[Event "Open de la Loire 2012-2013"]
[Site "Loire"]
[Date "2013.03.30"]
[Round "9.18"]
[White "Daillere, Roland"]
[Black "Lempereur, Theo"]
[Result "1/2-1/2"]
[WhiteElo "1350"]
[BlackElo "1240"]
[PlyCount "80"]
[EventDate "2013.??.??"]

1. d4 d5 2. Nf3 Nc6 3. Bf4 Nf6 4. h3 e6 5. e3 Bd6 6. Bh2 Bxh2 7. Nxh2 O-O 8.
Bd3 Nb4 9. c3 Nxd3+ 10. Qxd3 Bd7 11. Nd2 a6 12. b3 Qe7 13. O-O Bb5 14. c4 Bc6
15. Rfe1 Qd8 16. Nhf3 Ne4 17. Re2 Qf6 18. Rf1 Rae8 19. Ne5 Nxd2 20. Qxd2 Re7
21. Nxc6 bxc6 22. Qb4 e5 23. Rfe1 Rfe8 24. dxe5 Rxe5 25. Qb7 a5 26. Qxc7 d4 27.
exd4 Rxe2 28. Rxe2 Rf8 29. Qxa5 Qxd4 30. Qe1 h6 31. Re8 Qb2 32. Rxf8+ Kxf8 33.
Qb4+ Kg8 34. a4 Qc1+ 35. Kh2 Qf4+ 36. Kg1 Qc1+ 37. Kh2 Qf4+ 38. g3 Qxf2+ 39.
Kh1 Qf1+ 40. Kh2 Qf2+ 1/2-1/2